000 00670nam a2200277Ia 4500
005 20260324113555.0
008 008 260324s9999 xx 000 0 eng d
020 _a9780367814304
037 _aEBOOK
040 _aCRL
040 _beng
040 _cCRL
041 _2eng
041 _aeng
084 _qCRL
100 _aBrook S. Kennedy
_91147317
245 0 _aReimagining Alternative Technology for Design in the 21st Century
260 _bTaylor and Francis
260 _c2023
365 _a
365 _b195
856 _uhttp://www.taylorfrancis.com/books/9780367814304
942 _cEBOOK
999 _c1737045
_d1737045